000 00727nam a2200241 a 4500
001 000044287
003 DO-SdBNP
005 20230203115451.0
007 ta
008 140612s2009 dr a 001 0 spa d
020 _a9789945860290
040 _aDO-SdBNP
_bspa
_cBNPHU
082 _axxxxx
_bF825i
_222
100 1 _aFranco, Frankin
_972289
245 1 4 _aLas ideologias políticas dominicanas en síntesis /
_cFranklin Franco.
260 _aSanto Domingo :
_bCuesta-Veliz,
_c2009.
300 _a131 p. :
_bil. ;
_c22 cm.
500 _aIncluye índice onomástico
504 _aIncluye referencias bibliográficas y notas al pie de las páginas
590 _aInventariado, 2023 / DG
910 _aDG
942 _2ddc
_cLBS1
999 _c43776
_d43776